[Event "Sabadell Open 2018"]
[Site "Sabadell"]
[Date "2018.09.04"]
[Round "4"]
[White "Martinez Torras, Pol"]
[Black "Serentill Tost, Eduard"]
[Result "0-1"]
[WhiteElo "1621"]
[BlackElo "1613"]
[Annotator "NA RC"]
[PlyCount "81"]
[EventDate "2018.09.01"]
[EventType "swiss"]
[EventCountry "ESP"]
[SourceTitle "playchess.com"]
[Source "ChessBase"]
[SourceQuality "1"]
[TimeControl "5400+30"]

1. c4 {[%emt 0:00:00]} Nf6 {[%emt 0:00:00]} 2. Nc3 {[%emt 0:00:10]} g6 {[%emt 0:00:32]} 3. g3 {[%emt 0:00:29]} Bg7 {[%emt 0:00:14]} 4. Bg2 {[%emt 0:00:07]} d6 {[%emt 0:00:20]} 5. Nf3 {[%emt 0:00:14]} O-O {[%emt 0:00:42]} 6. O-O {[%emt 0:00:18]} Nbd7 7. Rb1 {[%emt 0:04:01]} e5 {[%emt 0:06:11]} 8. d3 {[%emt 0:01:05]} a6 9. Bd2 {[%emt 0:04:09]} h6 {[%emt 0:04:06]} 10. b4 c5 11. b5 {[%emt 0:03:41]} Re8 {[%emt 0:06:43]} 12. Ne1 {[%emt 0:06:13]} Rb8 {[%emt 0:05:01]} 13. Qb3 {[%emt 0:16:01]} b6 14. bxa6 {[%emt 0:05:07]} Bxa6 {[%emt 0:02:39]} 15. Qa4 Bb7 16. Nb5 {[%emt 0:04:33]} Bxg2 {[%emt 0:04:47]} 17. Nxg2 {[%emt 0:00:52]} Nf8 18. e4 {[%emt 0:01:09]} Qd7 {[%emt 0:04:45]} 19. Qc2 {[%emt 0:10:25]} Ra8 20. f4 Ra6 {[%emt 0:06:21]} 21. fxe5 {[%emt 0:01:24]} dxe5 {[%emt 0:01:15]} 22. Bxh6 {[%emt 0:00:00]} Bxh6 {[%emt 0:04:10]} 23. Rxf6 {[%emt 0:00:05]} Ne6 24. Rbf1 {[%emt 0:01:54]} Re7 {[%emt 0:05:09]} 25. h4 {[%emt 0:04:10]} Bg7 {[%emt 0:01:56]} 26. R6f3 {[%emt 0:00:41]} Nd4 27. Nxd4 Qxd4+ {[%emt 0:02:51]} 28. Qf2 {[%emt 0:00:49]} Rxa2 {[%emt 0:02:31]} 29. Qxd4 {[%emt 0:00:44]} exd4 30. Nf4 {[%emt 0:04:47]} Rb2 {[%emt 0:04:03]} 31. Ra1 b5 {[%emt 0:02:12]} 32. Ra8+ {[%emt 0:02:34]} Kh7 33. Nd5 {[%emt 0:00:55]} Rb7 {[%emt 0:01:44]} 34. Rc8 {[%emt 0:02:28]} bxc4 {[%emt 0:06:13]} 35. dxc4 {[%emt 0:02:08]} Re2 {[%emt 0:03:05]} 36. Rf2 {[%emt 0:00:28]} Rb1+ {[%emt 0:04:29]} 37. Kg2 {[%emt 0:13:39]} d3 {[%emt 0:06:30]} 38. Nf4 Rxf2+ {[%emt 0:00:50]} 39. Kxf2 {[%emt 0:00:32]} Bd4+ {[%emt 0:00:16]} 40. Kg2 {[%emt 0:03:25]} d2 41. Ra8 0-1

[Event "Sabadell Open 2018"]
[Site "Sabadell"]
[Date "2018.09.05"]
[Round "5"]
[White "Cruz, Cristhian"]
[Black "Valenzuela Gomez, Fernando"]
[Result "1-0"]
[WhiteElo "2571"]
[BlackElo "2384"]
[Annotator "TA"]
[PlyCount "87"]
[EventDate "2018.09.01"]
[EventType "swiss"]
[EventCountry "ESP"]
[SourceTitle "playchess.com"]
[Source "ChessBase"]
[SourceQuality "1"]

{[%evp 20,87,34,28,71,62,76,81,123,123,130,124,136,79,80,79,63,75,72,86,92,102,113,113,174,168,282,300,275,297,303,308,289,300,282,267,275,253,371,233,234,233,233,233,233,233,231,210,207,231,560,561,561,561,561,561,566,550,540,540,731,715,680,612,612,612,590,575,575,564]} 1. e4 {[%cal Be2e4,Be4e5][%mdl 32]} Nf6 {[%cal Bg8f6,Bf6d5,Bd5b6][%mdl 32]} 2. e5 Nd5 3. d4 d6 4. c4 Nb6 5. exd6 cxd6 6. Nc3 g6 7. h3 Bg7 8. Nf3 O-O 9. Be2 Nc6 10. O-O Bf5 11. Re1 {LiveBook: 5 Games. B04: Alekhine's Defence: 4 Nf3} (11. Be3 d5 12. c5 Nc4 13. Bc1 b6 14. cxb6 axb6 15. Qb3 e6 16. Bxc4 Na5 17. Qd1 Nxc4 18. Qe2 h5 19. Bg5 f6 20. Bf4 g5 21. Bh2 Qd7 22. b3 Na3 {0-1 (57) Liang,A (2569)-Gareyev,T (2595) Middleton 2018}) 11... d5 12. c5 Nc8 13. Qb3 {White is better.} Qd7 $146 ({Predecessor:} 13... e6 14. Qxb7 N8e7 15. Bf4 Nxd4 16. Nxd4 Bxd4 17. Bd6 Bf6 18. g4 d4 19. gxf5 dxc3 20. fxe6 cxb2 {0-1 (54) Mousavi,S (2422)-Manafov,V (2006) Sareyn 2017}) 14. Qxd5 (14. Nxd5 $6 Be6 $11) 14... Nxd4 15. Nxd4 Bxd4 16. Bf3 (16. Qxd7 $142 Bxd7 17. Rd1) 16... Qxd5 $16 17. Nxd5 Bxc5 18. Bf4 $36 {[%mdl 2048] Black is under strong pressure.} Bd6 19. Bxd6 exd6 20. Rac1 Rb8 21. Rc7 {Threatens to win with g4.} Kh8 (21... Nb6 $16) 22. g4 $18 Be6 {[#]} (22... Bd3 $142 23. a4 a5) 23. Nf6 $1 {Strongly threatening Rxe6!} Bxa2 {intending ...Nb6.} 24. Nd7 ({Not} 24. Bxb7 Nb6 $14) 24... Nb6 25. Nxb8 Rxb8 26. Ra1 ({Much less strong is} 26. Rxb7 Rxb7 27. Bxb7 Bb3 $18) ({Don't take} 26. Bxb7 $6 Be6 $18) 26... Be6 27. Rxa7 Nc4 28. Raxb7 Ra8 (28... Rd8 $142 29. Be2 Nd2) 29. b4 Ne5 30. Bg2 Ra1+ 31. Kh2 Ra2 32. Rb8+ Kg7 33. Rd8 Rxf2 {[#] White must now prevent ...Bd5.} 34. Rxd6 Kf6 $2 (34... Bc4 {is a better chance.} 35. Kg3 Rb2) 35. b5 {[%cal Bb4b5,Bb5b6,Bb6b7][%mdl 32] White is clearly winning.} Rb2 36. b6 Nf3+ 37. Kg3 Ne1 38. Bh1 Rb3+ 39. Kh2 Nd3 40. b7 Nf4 41. Rc8 Rb2+ 42. Kg3 Ne2+ 43. Kf2 Nf4+ 44. Ke3 {Precision: White = 77%, Black = 54%.} 1-0

[Event "Sabadell Open 2018"]
[Site "Sabadell"]
[Date "2018.09.05"]
[Round "5"]
[White "Aroshidze, Levan"]
[Black "Diaz Camallonga, Carles"]
[Result "0-1"]
[WhiteElo "2513"]
[BlackElo "2447"]
[Annotator "TA"]
[PlyCount "74"]
[EventDate "2018.09.01"]
[EventType "swiss"]
[EventCountry "ESP"]
[SourceTitle "playchess.com"]
[Source "ChessBase"]
[SourceQuality "1"]

{[%evp 24,74,0,0,0,-13,-19,-19,0,0,0,0,0,0,0,-10,0,-27,-46,-71,-67,-95,-63,-88,-63,-64,-78,-90,-70,-64,-27,-22,0,0,32,-261,-245,-237,-224,-205,-259,-775,-670,-558,-462,-4025,-1571,-1561,-1535,-1437,-1294,-1818,-1750]} 1. e4 e6 2. d4 d5 3. Nc3 Bb4 4. e5 c5 5. a3 Bxc3+ 6. bxc3 Ne7 7. Nf3 b6 8. Bb5+ Bd7 9. Bd3 Qc7 10. O-O Ba4 11. h4 Nd7 12. h5 h6 13. Nh4 {LiveBook: 5 Partien. C18: Französische Verteidigung (Nimzowitsch-Variante)} O-O-O (13... c4 14. Be2 g5 15. hxg6 fxg6 16. g3 O-O-O 17. Be3 Rdg8 18. Qd2 g5 19. Ng2 Nf8 20. Rab1 Nf5 {½-½ (77) Predojevic,B (2650)-Romanov,E (2576) Budva 2009}) 14. Re1 c4 15. Bf1 {Die Stellung ist ausgeglichen.} Rdf8 $146 ({Vorgänger:} 15... Kb8 16. g3 Rdg8 17. Bh3 Nf8 18. Ra2 Qd7 19. Qf3 Qe8 20. Kh2 g6 21. Ng2 {1-0 (48) Kalegin,E (2453)-Giulian,P (2226) Porto 2014}) 16. Ra2 g5 17. hxg6 $1 Nxg6 18. Nxg6 fxg6 19. Qg4 Rf5 $1 20. Qxg6 Nf8 $36 {[%mdl 2048] Schwarz hat gut koordiniertes Spiel.} 21. Qg3 {[#]} Qf7 $1 {[%mdl 1024] Schwarz hat starke Kompensation.} 22. Qe3 Rg8 23. Be2 h5 24. f4 Qg7 {[%csl Gg8][%cal Rg7g2]} 25. Qh3 {[#]} Ng6 $1 26. Rf1 ({Nicht} 26. Bxh5 $2 Rh8 $19) 26... Rgf8 27. Be3 (27. Bxh5 $2 Rh8 $19) 27... Qh6 28. g3 Qg7 29. Qh2 $2 {[%mdl 8192]} ({Nur nicht} 29. Bxh5 $2 Rh8 $19) (29. Kf2 $14 {bleibt weiter vorne.}) 29... Nxf4 $1 $19 30. Bxf4 Rxf4 31. Rxf4 Rxf4 32. Bxh5 $2 (32. Ra1) 32... Qg5 {Schwarz steht klar auf Gewinn.} 33. Ra1 {Wenn Weiss jetzt Zeit für Dh3 hätte...} Rf5 34. Be2 (34. Re1 $142 Qxh5 35. Qxh5 Rxh5 36. Re2) 34... Bxc2 (34... Qe3+ $142 35. Kh1 Bxc2 36. Qh8+ Kb7) 35. Rf1 Qe3+ 36. Rf2 Bd3 37. Bf1 Rf3 {Precision: Weiß = 44%, Schwarz = 63%.} 0-1

[Event "Sabadell Open 2018"]
[Site "Sabadell"]
[Date "2018.09.05"]
[Round "5"]
[White "Gonzalez Garcia, Jose"]
[Black "Arias, Daniel"]
[Result "1/2-1/2"]
[WhiteElo "2497"]
[BlackElo "2274"]
[Annotator "TA"]
[PlyCount "64"]
[EventDate "2018.09.01"]
[EventType "swiss"]
[EventCountry "ESP"]
[SourceTitle "playchess.com"]
[Source "ChessBase"]
[SourceQuality "1"]

{[%evp 12,64,-4,-14,29,0,20,-11,-10,-2,23,-13,45,44,35,42,70,17,41,22,19,16,18,18,16,6,25,14,45,47,54,46,54,51,62,43,44,37,45,45,45,45,37,-75,29,37,51,-68,-63,-54,-75,-65,-81,-73,40]} 1. d4 Nf6 2. c4 e6 3. Nc3 Bb4 4. Nf3 b6 5. Qb3 c5 6. Bg5 Bb7 7. e3 {LiveBook: 81 Partien} d6 {E12: Damenindisch (Petrosjan-System und 4. oder 5.Lg5)} (7... h6 8. Bh4 cxd4 9. Qxb4 Na6 10. Qa3 dxc3 11. Qxc3 Nc5 12. Nd2 O-O 13. f3 d6 14. Bxf6 Qxf6 15. Qxf6 gxf6 {0-1 (74) Yu,Y (2759)-Wang,H (2710) Tianjin 2018}) 8. Be2 (8. dxc5 {with more complications.} dxc5 9. Rd1 Nbd7 10. Be2 Qe7 11. O-O) 8... Nbd7 9. Rd1 $146 (9. Bh4 {is more complex.} O-O 10. O-O h6 11. Nd2 Qe7 12. Rfe1) ({Vorgänger:} 9. O-O Bxc3 10. bxc3 Qc7 11. Nd2 O-O 12. Bh4 Rac8 13. Bg3 Rfe8 14. f3 e5 15. dxe5 dxe5 {1-0 (41) Maes,T (2179)-Hagen,A Oslo 2006}) 9... Bxc3+ {Die Stellung ist ausgeglichen.} 10. bxc3 Qc7 11. d5 e5 (11... O-O $11) 12. Nd2 h6 13. Bh4 O-O 14. e4 (14. O-O $14) 14... Nh7 15. Qc2 Rfe8 16. f3 Ndf8 17. Bf2 Ng6 18. g3 Bc8 19. h4 h5 20. Nf1 Bd7 21. Ne3 Rf8 22. Bd3 Rae8 23. Kd2 {[%cal Be1d2,Bd2c1,Bc1b2,Bb2a1][%mdl 32]} Kh8 24. Kc1 Nf6 25. Rdg1 Rb8 26. Kb2 Qb7 27. Nf5 (27. Ka1 $14 {bleibt weiter vorne.}) 27... Qc7 (27... Bxf5 $1 $17 28. exf5 e4 29. fxe4 (29. fxg6 exd3 30. Qxd3 fxg6 $15) (29. Bxe4 Ne5 $17) 29... Ne5) 28. Ka1 $11 b5 29. cxb5 (29. Ne3 $1 $14) 29... c4 $1 $15 {[%cal Rc4d3]} 30. Be2 $1 Bxf5 $1 31. exf5 Ne7 32. Rb1 Kg8 {Precision: Weiß = 43%, Schwarz = 44%.} ({Viel schwächer wäre} 32... Nfxd5 33. f4 $11) (32... Nexd5 $17 33. Rhc1 Rfc8) 1/2-1/2

[Event "Sabadell Open 2018"]
[Site "Sabadell"]
[Date "2018.09.05"]
[Round "5"]
[White "Munoz, Miguel"]
[Black "Aguero Jimenez, Luis Lazaro"]
[Result "1/2-1/2"]
[WhiteElo "2471"]
[BlackElo "2483"]
[Annotator "TA"]
[PlyCount "43"]
[EventDate "2018.09.01"]
[EventType "swiss"]
[EventCountry "ESP"]
[SourceTitle "playchess.com"]
[Source "ChessBase"]
[SourceQuality "1"]

{[%evp 20,21,-7,-7]} 1. e4 c5 2. Nf3 d6 3. Bb5+ Bd7 4. Bxd7+ Qxd7 5. O-O Nf6 6. Re1 Nc6 7. c3 e6 8. d4 cxd4 9. cxd4 d5 10. e5 Ne4 11. Nbd2 {LiveBook: 472 Games} {Predecessor:} Nxd2 $146 12. Bxd2 Be7 13. Rc1 O-O 14. Rc3 Rfc8 15. h4 Bd8 16. Rd3 Qc7 17. Ng5 h6 18. Nh3 Ne7 19. Bc3 b5 20. Nf4 Nf5 21. Qg4 Bxh4 22. Nh5 {½-½ (52) Nakamura,H (2769)-Grischuk,A (2766) Paris 2018} 1/2-1/2

[Event "Sabadell Open 2018"]
[Site "Sabadell"]
[Date "2018.09.05"]
[Round "5"]
[White "Valdes Romero, Leonardo"]
[Black "Lorenzo De La Riva, Lazaro"]
[Result "1-0"]
[WhiteElo "2398"]
[BlackElo "2399"]
[Annotator "TA"]
[PlyCount "97"]
[EventDate "2018.09.01"]
[EventType "swiss"]
[EventCountry "ESP"]
[SourceTitle "playchess.com"]
[Source "ChessBase"]
[SourceQuality "1"]

{[%evp 23,97,8,8,8,2,8,5,7,16,4,2,2,30,30,34,30,40,20,25,0,40,27,21,18,34,10,26,44,29,23,58,50,55,50,63,62,102,102,104,101,132,116,140,131,121,108,204,204,275,203,275,274,402,398,399,382,390,382,381,376,366,338,631,397,397,377,392,387,418,394,391,366,783,782,763,763]} 1. Nf3 d5 2. g3 Nf6 3. Bg2 e6 4. O-O Be7 5. d4 O-O 6. c4 dxc4 7. Qc2 a6 8. Qxc4 b5 9. Qc2 Bb7 10. Bf4 Nc6 11. Nc3 Nb4 {E05: Katalanisch} 12. Qd2 (12. Qc1 Qc8 13. a3 Nbd5 14. Nxd5 Nxd5 15. Bg5 f6 16. Bd2 c5 17. Ba5 f5 18. dxc5 Qxc5 19. Qxc5 Bxc5 20. Ng5 {1-0 (50) Short,N (2670)-Hou,Y (2649) Hoogeveen 2016}) 12... c5 {LiveBook: 3 Partien} 13. dxc5 Bxc5 {Die Stellung ist ausgeglichen.} 14. Qxd8 Rfxd8 15. a4 Nbd5 16. Ne5 b4 17. Nxd5 Bxd5 $146 (17... Nxd5 {is interesting.} 18. Nd3 Be7 19. Bc7 Rdc8 20. Rac1 a5) ({Vorgänger:} 17... Nxd5 18. Nd3 Nxf4 19. Bxb7 Nxd3 20. Bxa8 Nxb2 {½-½ (46) Zeihser,M (2393)-Kaupert,V (2269) ICCF email 2015}) 18. Rac1 Bd6 19. Nd3 Bxf4 20. gxf4 a5 21. Rc5 Nd7 22. Rc7 Nb6 23. Bxd5 Rxd5 24. Rc6 Rb8 25. Rfc1 {[#] zielt auf Txb6! ab.} g5 26. b3 gxf4 27. Nxf4 Rf5 28. Nd3 Nd5 29. R1c5 $1 $36 {[%mdl 2048] Weiss hat gut koordiniertes Spiel.} Ne7 30. Rc7 Rxc5 31. Rxc5 $16 {[%mdl 4096] Endspiel KTS-KTS} Nf5 32. Rxa5 Nd4 33. e3 Nxb3 34. Rb5 Rd8 (34... Rxb5 $16 {war einen Versuch wert.} 35. axb5 Kf8) 35. Nxb4 $18 Rd1+ 36. Kg2 Kg7 37. a5 {[%cal Ba4a5,Ba5a6,Ba6a7][%mdl 32]} Nd2 (37... Ra1 {ist wohl besser.} 38. a6 Ra4) 38. a6 {[#] Schwarz muss nun Sc2 beachten.} Ra1 39. Rb7 Ne4 40. a7 Nd6 41. Rd7 Nc8 42. Nc6 Nb6 $2 (42... Kg6 43. f4 h6) 43. Rb7 Nc8 44. Rc7 Nd6 45. f4 Ra3 46. Kf2 Kg6 47. Rd7 Nb5 $2 (47... Nc8 48. Kf3 Ra1) 48. Rb7 Nd6 49. Rb8 {Precision: Weiß = 82%, Schwarz = 56%.} 1-0

[Event "Sabadell Open 2018"]
[Site "Sabadell"]
[Date "2018.09.05"]
[Round "5"]
[White "Giron, Jorge Ernesto"]
[Black "Garcia Ramos, Daniel"]
[Result "1-0"]
[WhiteElo "2303"]
[BlackElo "2324"]
[Annotator "TA"]
[PlyCount "109"]
[EventDate "2018.09.01"]
[EventType "swiss"]
[EventCountry "ESP"]
[SourceTitle "playchess.com"]
[Source "ChessBase"]
[SourceQuality "1"]

{[%evp 9,109,38,56,24,18,16,56,0,0,-2,0,0,0,0,0,-19,-6,0,-13,-16,-18,-13,-15,-15,-20,-21,0,0,0,0,60,48,60,55,54,64,62,58,61,60,66,39,54,0,8,0,0,0,0,-4,-2,-241,-250,-231,-238,-231,-225,-235,-225,-220,-208,-183,-55,-29,6,6,0,0,0,11,204,197,116,145,187,56,21,36,87,70,211,86,489,486,452,387,675,583,2948,2960,12839,12836,12842,12843,12843,12844,12844,12845,12845,12845,12846,12845]} 1. e4 e5 2. Nf3 Nc6 3. Bb5 f5 4. d3 fxe4 5. dxe4 d6 {LiveBook: 10 Games} 6. h3 {C63: Ruy Lopez: Schliemann/Jaenisch Defence} (6. Nc3 Nf6 7. O-O Bg4 8. h3 Bh5 9. Qd3 Qd7 10. Nd5 a6 11. Bxc6 bxc6 12. Nxf6+ gxf6 13. Nh4 Bg7 14. f4 O-O 15. fxe5 fxe5 16. Rxf8+ Bxf8 {½-½ (46) Sadzikowski,D (2388)-Simacek,P (2470) Polanica Zdroj 2011}) 6... Nf6 7. Nc3 a6 8. Ba4 (8. Bc4 $14) 8... Be7 9. Be3 b5 $146 ({Predecessor:} 9... Be6 10. Ng5 Bg8 11. Bb3 Qd7 12. Bxg8 Nxg8 13. Nd5 Bxg5 14. Bxg5 {1-0 (42) Bronnikova,E (2251)-Barsegian,A (2163) Sochi 2012}) 10. Bb3 Na5 11. Nd5 Nxb3 12. cxb3 Nxd5 13. Qxd5 Rb8 $1 14. Rd1 Bb7 15. Qe6 {Black must now prevent Nxe5!} Qc8 16. Ng5 {Hoping for Qf7+.} Qxe6 17. Nxe6 Bxe4 {aiming for ...Kf7.} 18. Nxc7+ Kf7 19. O-O $1 $36 {[%mdl 2048] Black is under pressure.} Rhc8 (19... Bb7 $11) 20. Nxa6 $14 Ra8 21. Nb4 Ke6 {With the idea ...d5.} 22. f3 Bb7 23. Rfe1 g5 24. a3 h5 25. Re2 Rc7 26. Red2 (26. Bb6 $14 Rd7 27. Nc2) 26... Rac8 27. Rd3 g4 28. hxg4 hxg4 29. f4 Be4 30. Nd5 $2 (30. R3d2 $1 $11) 30... Rc2 $19 31. f5+ Kf7 32. R3d2 {[#]} Bxd5 $1 ({Stronger than} 32... Bxf5 33. Rf1 $11) 33. Rxc2 Rxc2 34. Rxd5 {[%mdl 4096] Endgame KRB-KRB} g3 35. Kf1 Kf6 (35... Rxb2 $19 36. Rxb5 Kf6) 36. Rd2 $1 $15 {[%cal Rd2c2]} Rxd2 (36... Rc8 {with more complications.} 37. Ke2 Kxf5 38. Rd3 Ke4 39. Rc3 Rg8) 37. Bxd2 Kxf5 $11 {KB-KB} 38. Ke2 Ke4 39. Bb4 Kd4 $2 {[#]} (39... Kd5 $1 $11 {and Black is okay.}) 40. a4 $1 $18 bxa4 41. bxa4 Kc4 42. Ba3 (42. a5 $18 {a6 is the strong threat.} Kb5 43. Kf3) 42... Kd5 $1 $14 43. Kf3 e4+ 44. Kxg3 Bf6 (44... Bg5 $1 $14) 45. Kf2 (45. Kf4 $18 {has better winning chances.}) 45... Be5 $2 {[%mdl 8192]} (45... Kc4 $16) 46. b3 $18 Kc6 47. g4 {[%cal Bg2g4,Bg4g5,Bg5g6,Bg6g7][%mdl 32]} Bf4 $2 (47... d5 48. g5 d4) 48. Bb2 {White is clearly winning.} Kc5 49. Bf6 d5 50. g5 d4 51. g6 d3 52. g7 e3+ 53. Kf3 e2 54. Bh4 Bg5 55. Bf2+ {Precision: White = 62%, Black = 47%.} 1-0

[Event "Sabadell Open 2018"]
[Site "Sabadell"]
[Date "2018.09.05"]
[Round "5"]
[White "Jimenez Ruano, Adrian"]
[Black "Chavez, Ricardo Ernesto"]
[Result "1/2-1/2"]
[WhiteElo "2244"]
[BlackElo "2244"]
[Annotator "TA"]
[PlyCount "58"]
[EventDate "2018.09.01"]
[EventType "swiss"]
[EventCountry "ESP"]
[SourceTitle "playchess.com"]
[Source "ChessBase"]
[SourceQuality "1"]

{[%evp 24,58,59,56,69,60,72,66,91,66,79,75,88,35,62,32,24,6,8,7,4,9,26,18,56,25,0,0,161,-37,-22,-80,47,60,69,19,18]} 1. d4 Nf6 2. c4 c5 3. d5 b5 4. cxb5 a6 5. b6 g6 6. Nc3 d6 7. e4 Bg7 8. Nf3 Nbd7 9. a4 a5 10. Bb5 O-O 11. O-O Nxb6 12. h3 {A57: Benko/Volga Gambit} (12. Re1 Ba6 13. Bg5 Bxb5 14. axb5 h6 15. Bf4 Ne8 16. Qd2 Kh7 17. h4 Nc7 18. Qe2 Qd7 19. g3 a4 20. Bd2 Ra5 21. e5 Qg4 22. Ng5+ {1-0 (22) Potkin,V (2574)-Nechaev,O (2410) Sochi 2017}) 12... Bb7 13. Bf4 {LiveBook: 8 Games} Nfd7 $146 ({Predecessor:} 13... Qc7 14. Qd2 Rad8 15. Rad1 Qb8 16. Rfe1 Qa8 17. Bh6 Qc8 18. Bxg7 Kxg7 19. b3 {1-0 (84) Galyas,M (2390)-Torok,S (2311) Budapest 2006}) 14. Qe2 {White is slightly better.} Qc7 15. Rfd1 c4 16. Bxd7 Nxd7 {[%cal Bb6d7,Bd7c5,Bc5b3][%mdl 32]} 17. Nb5 Qb8 18. Qxc4 (18. Nfd4 $16) 18... Rc8 19. Qe2 Ba6 $1 20. Rac1 Nc5 21. b3 $1 Nxb3 22. Rxc8+ Qxc8 23. e5 $36 {[%mdl 2048] White has the initiative.} (23. Rb1 $5 {[%cal Rb1b3]} Nc5 24. Qc4 $11) 23... Qd7 24. e6 fxe6 25. dxe6 Qc6 $2 {[#]} (25... Qe8 $1 $11 {and Black has nothing to worry.}) 26. Rb1 $2 (26. Bxd6 $1 $18 {[%mdl 512]} Bf6 (26... exd6 27. e7) 27. Ne5 Bxe5 28. Bxe5) 26... Nc5 $15 27. Qa2 (27. Qc4 $11) 27... Rf8 {[#]} (27... Bb7 $17 {White must now prevent ...Rf8.} 28. Rc1 Bf6) 28. Bxd6 $1 $14 {[%mdl 512]} Nxa4 (28... exd6 29. e7+) 29. Qxa4 Bxb5 {Precision: White = 21%, Black = 24%.} 1/2-1/2

[Event "Sabadell Open 2018"]
[Site "Sabadell"]
[Date "2018.09.05"]
[Round "5"]
[White "Boixader Arbo, Xavier"]
[Black "Nieto Farreny, Francesc"]
[Result "1/2-1/2"]
[WhiteElo "2028"]
[BlackElo "2191"]
[Annotator "NA"]
[PlyCount "62"]
[EventDate "2018.09.01"]
[EventType "swiss"]
[EventCountry "ESP"]
[SourceTitle "playchess.com"]
[Source "ChessBase"]
[SourceQuality "1"]
[TimeControl "5400+30"]

1. e4 {[%emt 0:00:00]} c5 {[%emt 0:11:22]} 2. Nf3 {[%emt 0:00:00]} g6 {[%emt 0:00:07]} 3. d4 {[%emt 0:00:00]} cxd4 {[%emt 0:00:18]} 4. Qxd4 {[%emt 0:00:00]} Nf6 {[%emt 0:00:05]} 5. e5 {[%emt 0:00:00]} Nc6 {[%emt 0:00:05]} 6. Qa4 {[%emt 0:00:00]} Nd5 {[%emt 0:00:06]} 7. Qe4 {[%emt 0:00:01]} Nb6 {[%emt 0:01:09] B27: Sicilian: 2 Nf3, unusual Black 2nd moves} 8. Nc3 {[%emt 0:00:09]} Bg7 {[%emt 0:00:06]} 9. Bf4 {[%emt 0:00:20]} d5 {[%emt 0:00:12]} 10. exd6 {[%emt 0:00:13]} Bf5 {[%emt 0:00:07]} 11. Qe3 {[%emt 0:00:29]} (11. dxe7 Qd7 12. Qe3 Nb4 13. Rc1 Nxc2+ 14. Rxc2 Bxc2 15. Bb5 Bxc3+ 16. Qxc3 Qxb5 17. Qxh8+ Kxe7 {½-½ (22) Ortiz Suarez,I (2548)-Guseinov,G (2654) Barbera del Valles 2018}) 11... O-O {[%emt 0:00:21]} 12. O-O-O {[%emt 0:00:38]} exd6 {[%emt 0:00:08]} 13. Bxd6 {[%emt 0:00:37]} Re8 {[%emt 0:00:09] [#]} 14. Qc5 $146 {[%emt 0:02:35]} ({Predecessor:} 14. Qf4 Qc8 15. Bd3 {1-0 (27) Khusnutdinov,R (2509)-Oshakbayev,B (2115) Pavlodar 2015}) 14... Qf6 {[%emt 0:07:30]} 15. Bb5 {[%emt 0:05:32]} Rac8 {[%emt 0:38:54]} 16. Rhe1 {[%emt 0:05:10]} Rxe1 {[%emt 0:05:44]} 17. Rxe1 {[%emt 0:09:02]} Be6 {[%emt 0:01:02]} 18. Qa3 {[%emt 0:18:05]} Nc4 {[%emt 0:06:09]} 19. Bxc4 {[%emt 0:00:49]} Bxc4 {[%emt 0:00:02]} 20. Ne4 {[%emt 0:02:08]} Qd8 {[%emt 0:12:58]} 21. Bf4 {[%emt 0:04:25]} Be6 {[%emt 0:03:48]} 22. Nc5 {[%emt 0:07:51]} Bf5 {[%emt 0:07:35]} 23. Nxb7 {[%emt 0:11:59]} Qb6 {[%emt 0:00:10]} 24. Nd6 {[%emt 0:01:03]} Qxf2 {[%emt 0:00:42]} 25. Nxf5 {[%emt 0:00:47]} gxf5 {[%emt 0:00:01]} 26. Qe3 {[%emt 0:02:38]} Qxe3+ {[%emt 0:01:35]} 27. Rxe3 {[%emt 0:00:13]} Nb4 {[#]} 28. Rb3 $1 {[%emt 0:07:17]} Rxc2+ {[%emt 0:01:09]} 29. Kb1 {[%emt 0:00:32]} Rc4 {[%emt 0:00:01]} 30. Bd2 {[%emt 0:00:16]} Nc6 {[%emt 0:01:11]} 31. Rb7 $16 Bf8 1/2-1/2

[Event "Sabadell Open 2018"]
[Site "Sabadell"]
[Date "2018.09.05"]
[Round "5"]
[White "Prats Rodriguez, Juan Bosco"]
[Black "Palacin Martin, Ricardo"]
[Result "1/2-1/2"]
[WhiteElo "1997"]
[BlackElo "2055"]
[Annotator "NA"]
[PlyCount "85"]
[EventDate "2018.09.01"]
[EventType "swiss"]
[EventCountry "ESP"]
[SourceTitle "playchess.com"]
[Source "ChessBase"]
[SourceQuality "1"]
[TimeControl "5400+30"]

1. e4 {[%emt 0:00:00]} e6 {[%emt 0:00:00]} 2. d3 {[%emt 0:00:00]} c5 3. Nf3 b6 {[%emt 0:00:00]} 4. g3 {[%emt 0:02:22]} Bb7 {[%emt 0:00:00]} 5. Bg2 {[%emt 0:00:21]} d5 {[%emt 0:00:51]} 6. Qe2 {[%emt 0:01:30]} Ne7 {[%emt 0:01:03]} 7. O-O {[%emt 0:01:35]} Nbc6 8. c4 {[%emt 0:08:36]} d4 {[%emt 0:03:06]} 9. e5 {[%emt 0:01:43]} Qd7 {[%emt 0:04:30]} 10. h4 {[%emt 0:01:31]} h5 {[%emt 0:00:53]} 11. Bg5 {[%emt 0:03:12]} Ng6 {[%emt 0:01:19]} 12. Re1 {[%emt 0:02:24]} Be7 13. Bxe7 {[%emt 0:02:07]} Ngxe7 {[%emt 0:05:18]} 14. Nbd2 Ng6 {[%emt 0:03:19]} 15. Ne4 {[%emt 0:05:40]} Ncxe5 {[%emt 0:01:23]} 16. Nxe5 {[%emt 0:00:15]} Nxe5 {[%emt 0:00:15]} 17. Nxc5 {[%emt 0:00:28]} bxc5 {[%emt 0:00:35]} 18. Bxb7 Qxb7 {[%emt 0:00:12]} 19. Qxe5 {[%emt 0:03:41]} O-O {[%emt 0:00:48]} 20. Qxh5 {[%emt 0:03:50]} Qxb2 {[%emt 0:02:00]} 21. Qg5 {[%emt 0:09:44]} Qb6 {[%emt 0:03:22]} 22. h5 {[%emt 0:01:25]} f6 {[%emt 0:01:26]} 23. Qg6 {[%emt 0:00:47]} e5 {[%emt 0:00:55]} 24. h6 {[%emt 0:01:14]} Qc7 {[%emt 0:00:13]} 25. Re4 {[%emt 0:03:54]} Qf7 {[%emt 0:01:27]} 26. Rg4 {[%emt 0:01:24]} Qxg6 {[%emt 0:00:28]} 27. Rxg6 {[%emt 0:00:02]} Kh7 {[%emt 0:02:47]} 28. Rxg7+ {[%emt 0:02:22]} Kxh6 {[%emt 0:00:12]} 29. Rc7 {[%emt 0:00:21]} Rfc8 {[%emt 0:00:20]} 30. Rb7 {[%emt 0:04:16]} Rc6 {[%emt 0:00:55]} 31. Kg2 {[%emt 0:00:31]} Kg6 {[%emt 0:01:33]} 32. Kf3 {[%emt 0:00:51]} Ra6 {[%emt 0:00:46]} 33. a4 {[%emt 0:04:46]} Kf5 {[%emt 0:01:24]} 34. a5 {[%emt 0:00:56]} Rc8 {[%emt 0:00:24]} 35. g4+ {[%emt 0:01:14]} Ke6 {[%emt 0:00:45]} 36. Rh1 {[%emt 0:07:25]} Rxa5 {[%emt 0:00:46]} 37. Rhh7 Ra2 {[%emt 0:04:43]} 38. Rbe7+ {[%emt 0:06:52]} Kd6 {[%emt 0:00:17]} 39. Ref7 {[%emt 0:01:00]} Ke6 {[%emt 0:00:32]} 40. g5 {[%emt 0:00:54]} fxg5 {[%emt 0:02:03]} 41. Kg4 {[%emt 0:01:04]} Rh8 42. Re7+ {[%emt 0:02:16]} Kf6 {[%emt 0:10:43]} 43. Ref7+ 1/2-1/2